Vrai ou Faux - Géographie #3 - Statistiques

Statistiques générales
  • Ce quiz a été pris 26 199 fois
  • Le résultat moyen est 10 sur 18
Statistiques - réponses
Question Réponse % Correct
On peut apercevoir l'Angleterre depuis la France à l'œil nu Vrai
81%
Au rythme actuel, la population sud-coréenne sera réduite de moitié d'ici 2100 Vrai
73%
La France importe plus qu'elle n'exporte Vrai
72%
El Paso est une ville américaine frontalière du Mexique Vrai
69%
La majorité des Africains ont moins de 20 ans Vrai
67%
Moscou est la ville commençant par M la plus peuplée au monde Faux
66%
Les îles Féroé sont un pays indépendant Faux
65%
La république de Maurice est le pays le plus proche de La Réunion Vrai
64%
L'Afrique du Sud est le pays d'Afrique le plus méridional Vrai
64%
Lagos est la capitale du Nigéria Faux
56%
L'Islande est en majorité couverte de glaciers Faux
53%
La Turquie fait partie de l'OTAN Vrai
53%
La Crimée est située sur la Mer Caspienne Faux
51%
Le Viêt Nam est plus peuplé que la Thaïlande Vrai
51%
Le Cervin est le point culminant de la Suisse Faux
43%
La religion juive est pratiquée par environ 2% de la population mondiale Faux
38%
Il n'a pas (encore) neigé à Hawaï au XXIème siècle Faux
33%
Environ 80% des Indiens parlent hindi (comme première ou deuxième langue) Faux
31%
Aucun quiz correspondant
Distribution des résultats
% des personnes avec chaque résultat
Percentile par nombre de réponses
Votre historique - résultats
Vous n’avez pas pris ce quiz